000 00348nam a22001337a 4500
003 SGT
020 _a978-9388669-06-1
082 _a370
_bNAN
100 _aनंद्रा , डॉ. इन्दर
245 _aअधिगम के लिए आंकलन
260 _aPUNJAB
_bTWENTYFIRST PUB
_c2019
300 _a324
942 _2ddc
_cBK
999 _c17151
_d17151